000 01201cam a2200361 a 4500
003 EG-NbEJU
005 20250320203434.0
008 081124s2009 enka b 001 0 eng
010 _a 2008049311
015 _aGBA917327
_2bnb
016 7 _a014909014
_2Uk
020 _a9780415463003 (hardback : alk. paper)
020 _a0415463009 (hardback : alk. paper)
020 _a9780415463010 (pbk. : alk. paper)
020 _a0415463017 (pbk. : alk. paper)
020 _a9780203877456 (ebook)
020 _a0203877454 (ebook)
035 _a(OCoLC)ocn244057261
040 _aDLC
_cDLC
_dDLC
_beng
041 _aeng
050 0 0 _aAM7
_b.J36 2009
100 1 _aJanes , Robert R. ,
_d1948 -
245 1 0 _aMuseums in A Troubled World :
_bRenewal , Irrelevance Or Collapse? /
_cRobert R. Janes
260 _aLondon ;
_aNew York :
_bRoutledge ,
_c2009
300 _axvi, 208 Pages :
_bIllustrations ;
_c26 cm
490 _aMuseum Meanings
504 _aIncludes bibliographical references (Pages 186-203) and index
650 0 _aMuseums
_xSocial Aspects
650 0 _aMuseums
_xPhilosophy
901 _aKholoud
902 _aEJUST_11032025_ (25)
_aEJUST_1703_ (16)
942 _2lcc
_n0
_cBK
999 _c7187
_d7187